Normal view MARC view

Entry Topical Term

Number of records used in: 1

001 - CONTROL NUMBER

  • control field: 45982

003 - CONTROL NUMBER IDENTIFIER

  • control field: dpl

005 - DATE AND TIME OF LATEST TRANSACTION

  • control field: 20120428121538.0

008 - FIXED-LENGTH DATA ELEMENTS

  • fixed length control field: 120428|||a|||||| | ||| d

040 ## - CATALOGING SOURCE

  • Original cataloging agency: dpl
  • Transcribing agency: dpl

150 ## - HEADING--TOPICAL TERM

  • Topical term or geographic name as entry element: हिन्दी कहानियाँ

670 ## - SOURCE DATA FOUND

  • Source citation: Work cat.: (dpl)3685: शर्मा, यादवेन्द्र "चन्द्र" 1579, एक इंसान की मौतःएक इंसान का जन्म /, 2006

670 ## - SOURCE DATA FOUND

  • Source citation: Work cat.: (dpl)3685: शर्मा, यादवेन्द्र "चन्द्र" 1579, एक इंसान की मौतःएक इंसान का जन्म /, 2006

© Delhi Public Library
Hit Counter
free hit counter